000
00250nam a2200109Ia 4500
999
_c
9365
_d
9365
020
_a
978-1571691606
100
_a
Robert Lafore
245
0
_a
Object Oriented Programming in C + +
260
_a
India
_b
McGraw Hill
_c
1980
300
_a
239
942
_c
BK